| 000 | 00831pam a2200265 a 4500 | ||
|---|---|---|---|
| 999 |
_c5754 _d5754 |
||
| 001 | 013279752 | ||
| 003 | Uk | ||
| 005 | 20251029085347.0 | ||
| 008 | 050802s2005 enka 000 d eng | ||
| 020 | _a9781854598943 (pbk.) | ||
| 040 |
_aStDuBDS _dUk _cKH8 |
||
| 042 | _aukblsr | ||
| 082 | 0 | 4 |
_a822.914 EDM _222 |
| 100 | 1 |
_aEdmundson, Helen, _d1964- _eauthor _eadapter. |
|
| 245 | 1 | 0 |
_aCoram boy / _cadapted by Helen Edmundson ; based on the novel by Jamila Gavin. |
| 260 |
_aLondon : _bNick Hern, _c2005 _g(2007 printing) |
||
| 300 |
_avi, 120 p. : _bill. ; _c20 cm. |
||
| 336 |
_atext _2rdacontent |
||
| 337 |
_aunmediated _2rdamedia |
||
| 338 |
_avolume _2rdacarrier |
||
| 650 | 0 |
_aOrphans _y18th century _zEngland _vDrama. |
|
| 700 | 1 |
_aGavin, Jamila. _tCoram boy. |
|
| 710 | 2 | _aNational Theatre (Great Britain) | |
| 942 |
_2ddc _cTR |
||